[Event "IND-chT (Women) 15th"]
[Site "Bhopal"]
[Date "2017.02.02"]
[Round "1.4"]
[White "Ramaswamy, Aarthie"]
[Black "Rajarshi, A."]
[Result "1-0"]
[WhiteElo "2085"]
[BlackElo "1352"]
[PlyCount "123"]
[EventDate "2017.02.02"]
[EventType "team-swiss"]
[EventRounds "7"]
[EventCountry "IND"]
[SourceTitle "CBM 176 Extra"]
[Source "ChessBase"]
[SourceDate "2017.03.02"]
[SourceVersion "1"]
[SourceVersionDate "2017.03.02"]
[SourceQuality "1"]
[WhiteTeam "Air India (W)"]
[BlackTeam "Telangana State (W)"]
[WhiteTeamCountry "IND"]
[BlackTeamCountry "IND"]

1. e4 d6 2. d4 Nf6 3. Nc3 g6 4. Be3 Bg7 5. Nf3 c6 6. Bd3 0-0 7. h3 Nbd7 8. Qd2 Re8 9. 0-0 e5 10. Rad1 Qc7 11. Rfe1 b5 12. dxe5 dxe5 13. Ne2 Bb7 14. Ng3 a6 15. c4 Nf8 16. Bh6 Ne6 17. Bxg7 Kxg7 18. Qc3 Nf4 19. Bf1 Rac8 20. Rc1 Qe7 21. c5 Rcd8 22. Red1 Nd7 23. b4 f6 24. a4 Rc8 25. Rd2 Nf8 26. Rcd1 Red8 27. axb5 axb5 28. Ne2 Nxe2+ 29. Bxe2 Ne6 30. Rd6 Ra8 31. Qd2 Rxd6 32. Qxd6 Qxd6 33. Rxd6 Nf4 34. Rd7+ Kf8 35. Bd1 Rb8 36. Kh2 h5 37. Bb3 Ke8 38. Rd6 Ke7 39. g3 Ne2 40. Re6+ Kf8 41. Rxf6+ Kg7 42. Rf7+ Kh6 43. Nxe5 Nd4 44. Bd1 Re8 45. Rd7 Rxe5 46. Rxd4 Bc8 47. f4 Re7 48. e5 Rd7 49. Rd6 Kg7 50. Bf3 Rxd6 51. cxd6 Bd7 52. Kg2 Kf7 53. Kf2 Ke6 54. Ke3 Be8 55. Kd4 Kd7 56. Kc5 Kc8 57. Bxc6 Bxc6 58. Kxc6 Kd8 59. e6 Kc8 60. d7+ Kd8 61. Kd6 g5 62. e7# 1-0